000 00409nam a2200181Ia 4500
001 24045
005 20260414151017.0
008 260414t2003||||xx |||||||||||||| ||spa||
041 _aESP
082 _a759
_bH21
100 _aHanstein, Mariana
_eAUT
245 0 _aFernando Botero
_b
260 _c2003
300 _a96 páginas :
_c23 cm.
650 _aABD
654 _aCAU
942 _cLIB
_dJUS
_fJUS
_2ddc
_n
999 _c24045
_d24045